00450nam a2200169 a 45000010005000000030009000050080041000140200015000550400028000700820016000982450043001142600051001573000010002086500013002186500022002316500027002537467CO-ViMGA141112s2004 ck r 000 u spa d a9589525369 aCO-ViMGAbspacCO-ViMGA04a341.75 D37310aDerecho de la distribución comercial aSantafé de Bogotá : bEl navegante, c1995 a300 p14aCONTRATO14aDERECHO ECONOMICO14aDISTRIBUCION COMERCIAL